000 00449cam a2200181Mi 4500
020 _a9789251059630
020 _a9251059632
040 _cNLGGC
082 _a639 FAO 2009 A056 Or.
245 0 0 _aFishery managers' guidebook /
250 _a2nd ed.
260 _a[Rome etc.] :
_bFAO [etc.],
_c2009.
300 _aXVII, 518 p. :
_bill. ;
_c25 cm.
650 0 _aFisheries
700 1 _aCochrane, K. L.
700 1 _aGarcia, Serge M.
942 _cEK
999 _c15764
_d15764